Lenguas en un espacio de integración: acontecimientos, acciones, representaciones
Guardat en:
| Autors principals: | , , |
|---|---|
| Format: | Llibre |
| Idioma: | espanyol portuguès |
| Publicat: |
Buenos Aires
Biblos
2010
|
| Edició: | 1a. ed |
| Col·lecció: | Investigaciones y Ensayos
|
| Matèries: | |
| Etiquetes: |
Afegir etiqueta
Sense etiquetes, Sigues el primer a etiquetar aquest registre!
|
MARC
| LEADER | 00000nam a2200000 a 4500 | ||
|---|---|---|---|
| 001 | UCG5020 | ||
| 003 | CL-VaPUC | ||
| 008 | 101230e20100000AG |||||||||||||||||spa|d | ||
| 020 | |a 9789507868399 | ||
| 041 | 0 | 7 | |a spa |2 CL-VaPUC |
| 041 | 0 | 7 | |a por |2 CL-VaPUC |
| 082 | 0 | 4 | |a 306.44 |b CEL |2 21 |
| 100 | 0 | |a Celada, María Teresa |e author |9 554551 | |
| 700 | 0 | |a Fanjul, Adrián Pablo |e author |9 554552 | |
| 700 | 0 | |a Nothstein, Susana |e author |9 554553 | |
| 245 | 1 | 0 | |a Lenguas en un espacio de integración: acontecimientos, acciones, representaciones |
| 250 | |a 1a. ed | ||
| 300 | |a 240 p | ||
| 942 | |c BK | ||
| 945 | |d 20101230 00:00:00 |a cmena | ||
| 260 | |a Buenos Aires |b Biblos |c 2010 | ||
| 650 | 0 | |a Sociolingüística |9 263716 | |
| 650 | 0 | |a Identidad cultural |9 319131 | |
| 650 | 0 | |a Análisis del discurso |9 256696 | |
| 650 | 0 | |a Integración regional |9 376371 | |
| 650 | 0 | |a Antropología cultural y social |9 265143 | |
| 583 | |a last modification |c 20101230 00:00:00 |k Rodrigo Vera | ||
| 490 | 0 | |a Investigaciones y Ensayos | |
| 999 | |c 343594 |d 343592 | ||
| 952 | |0 0 |1 0 |4 0 |6 306_440000000000000_CEL_2010 |7 0 |8 A |9 441019 |a FDOPOS |b FDOPOS |d 2019-11-22 |i 4741757 |o 306.44 CEL 2010 |p 4741757 |r 2025-01-22 |w 2019-11-22 |y BK |k DLA | ||